Procesos rurales y urbanos en el México actual /

Guardado en:
書目詳細資料
其他作者: Massolo, Alejandra (autor) (autor), Fritscher Mundt, Magda (presentación) (presentación), Cisneros Puebla, César A. (introducción) (introducción)
格式: 未知
語言:西班牙语
出版: México : UAM Iztapalapa, División de Ciencias Sociales y Humanidades, Departamento de Sociología, 1991, c1991
標簽: 添加標簽
沒有標簽, 成為第一個標記此記錄!

MARC

LEADER 00000c**#a2200000ua#4500
001 000614762
005 20251015000000.0
009 20260310133648.261
020 |a 970-620-032-0 
025 |a Donación Juan Lafarga Corona, 1 ejemplar 
037 |a Acervo Xavier Clavigero 
041 |a ESP 
091 |a FLC. 00581 
245 0 0 |a Procesos rurales y urbanos en el México actual / 
264 4 |a México :  |b UAM Iztapalapa, División de Ciencias Sociales y Humanidades, Departamento de Sociología,  |c 1991, c1991 
300 |a 219 p. 
336 |a texto  |b txt  |2 rdacontenido 
337 |a sin mediación  |b n  |2 rdamedio 
338 |a volumen  |b nc  |2 rdasoporte 
561 |a Ex libris de la Biblioteca Dr. Juan Lafarga Corona 
561 |a Ex libris del INIDH Instituto Nacional de Investigación en Desarrollo Humano 
649 |a XX 
700 |a Massolo, Alejandra  |e (autor) 
700 |a Fritscher Mundt, Magda  |e (presentación) 
700 |a Cisneros Puebla, César A.  |e (introducción) 
910 |a Fondo Juan Lafarga Corona S.J. 
920 |a Impresos - Libros 
930 |a Fondos Especiales 
905 |a 145 
901 |a 614779-10  |b IT2  |c ESP  |i D  |u 20250521 
902 |a https://opac.biblio.iteso.mx/vufind/Record/000614762